| 000 | 00765nam a2200181Ia 4500 | ||
|---|---|---|---|
| 008 | 151202s9999||||xx |||||||||||||| ||und|| | ||
| 082 | _bPNVM-59006 | ||
| 100 | _aचेस जेम्स हॅडली अनु.गुजर अनिल. | ||
| 245 | _aरक्तपिपासू मूर्ती. | ||
| 260 | _bनिशिगंाा प्रकाशन पुणे. | ||
| 260 | _c59006 | ||
| 300 | _a235 | ||
| 600 | _aचेस जेम्स हॅडली अनु.गुजर अनिल. | ||
| 630 | _aरक्तपिपासू मूर्ती. | ||
| 700 | _aचेस जेम्स हॅडली अनु.गुजर अनिल. | ||
| 730 | _aरक्तपिपासू मूर्ती. | ||
| 942 | _cBOOK | ||
| 999 |
_c1325541 _d1325538 |
||